000 00884nam a2200229 i 4500
001 82272
003 ES-MaACL
005 20230906174639.0
007 t|
008 041214s2002 sp ||||1| spa d
020 _a84-95170-37-X
080 _a75.047.01(086)
245 0 4 _aLos mejores paisajes [
_hRecurso electrónico].
260 _aMadrid :
_bDolmen,
_c[2001]
300 _a1 disco compacto (CD-ROM) :
_bson., col. ;
_c12 cm.
490 1 _aObras maestras ;
_v8. Pintura
500 _aRequisitos mínimos: PC Pentium II a 200 Mhz; 32 Mb. de RAM; Tarjeta gráfica de 4 Mb. (1024x768,16 bits) y monitor 1024 x 768; CD-Rom 16x o superiores; Tarjeta de sonido; Funciona con sistema Operativo Windows 95 o posterior.
650 4 _aPintura de paisaje-
_vCD-ROM.
_916029
830 0 _aObras maestras ;
_v8. Pintura
_9181001
852 _aES-MaACL
_jROT 1/1/7
999 _c82272
_d82272